[Event "Titled Tue 20th May Early"]
[Site "chess.com INT"]
[Date "2025.05.20"]
[Round "4"]
[White "Kopczynski, Michal"]
[Black "Kvaloy, Aksel Bu"]
[Result "0-1"]
[WhiteTitle "CM"]
[BlackTitle "IM"]
[WhiteElo "2225"]
[BlackElo "2479"]
[WhiteFideId "1124200"]
[BlackFideId "1528815"]
[EventDate "2025.05.20"]

1. e4 e5 2. d4 exd4 3. c3 d5 4. exd5 Qxd5 5. cxd4 Nf6 6. Nf3 Bb4+ 7. Nc3 O-O 8.
Be2 h6 9. O-O Qd8 10. Bf4 Bd6 11. Bxd6 Qxd6 12. Rc1 c6 13. Qb3 Nbd7 14. Rcd1 Nb6
15. Ne5 Be6 16. Qc2 Nbd7 17. f4 Nd5 18. Nxd5 Bxd5 19. b3 a5 20. Qf5 Rad8 21. Bd3
g6 22. Qg4 Nf6 23. Qh4 Kg7 24. g4 Be4 25. g5 Qxd4+ 26. Qf2 hxg5 27. Qxd4 Rxd4
28. fxg5 Nd5 29. Bxe4 Rxe4 30. Rde1 Rxe1 31. Rxe1 Re8 32. Nf3 Rxe1+ 33. Nxe1 f6
34. gxf6+ Kxf6 35. Kf2 Ke5 36. Nf3+ Ke4 37. h4 Kf4 38. Nd4 Kg4 39. Ne6 Ne7 40.
Ke3 Kxh4 41. Kf4 Nd5+ 42. Ke5 g5 43. Ke4 g4 44. Nd8 g3 45. Kf3 Kh3 46. Ne6 g2
47. Ng5+ Kh2 0-1

[Event "Titled Tue 20th May Early"]
[Site "chess.com INT"]
[Date "2025.05.20"]
[Round "4"]
[White "Nguyen, Quoc Hy"]
[Black "Goryachkina, Aleksandra"]
[Result "1-0"]
[WhiteTitle "FM"]
[BlackTitle "GM"]
[WhiteElo "2389"]
[BlackElo "2544"]
[WhiteFideId "12410853"]
[BlackFideId "4147103"]
[EventDate "2025.05.20"]

1. d4 d5 2. c4 c6 3. Nf3 Nf6 4. e3 Bf5 5. Nc3 e6 6. Nh4 Bg6 7. Qb3 Qb6 8. Nxg6
hxg6 9. Bd3 Be7 10. h3 Nbd7 11. Bd2 Qc7 12. e4 dxc4 13. Bxc4 b5 14. Bd3 e5 15.
Rc1 exd4 16. Nxb5 Qb6 17. Na3 Qxb3 18. axb3 Ne5 19. Ke2 Rb8 20. Bf4 Nxd3 21.
Bxb8 Nxc1+ 22. Rxc1 Nxe4 23. Rxc6 Kd7 24. Rc7+ Ke6 25. Bxa7 Rd8 26. Nc4 Bf6 27.
f3 d3+ 28. Kd1 Ng3 29. Rc6+ Kd5 30. Rc5+ Ke6 31. Rc6+ Kd5 32. Ra6 Nf5 33. Kd2
Bg5+ 34. Kxd3 Nd6 35. Rxd6+ Rxd6 36. Nxd6 Kxd6 37. Be3 Bd8 38. Bd4 f6 39. Kc4
Kc6 40. b4 Bc7 41. b5+ Kd6 42. Bc5+ Ke6 43. b6 Be5 44. b4 Kd7 45. Kd5 1-0

[Event "Titled Tue 20th May Early"]
[Site "chess.com INT"]
[Date "2025.05.20"]
[Round "4"]
[White "Skiadopoulos, Nikolaos"]
[Black "Fishman, Albert"]
[Result "0-1"]
[WhiteTitle "CM"]
[WhiteElo "1882"]
[BlackElo "2149"]
[WhiteFideId "4200772"]
[BlackFideId "2090597"]
[EventDate "2025.05.20"]

1. e4 c5 2. Nf3 e6 3. c4 Nc6 4. d4 cxd4 5. Nxd4 Nf6 6. Nc3 Bb4 7. Nxc6 bxc6 8.
Bd3 e5 9. O-O h6 10. Qb3 Be7 11. h3 O-O 12. Be3 d6 13. Rad1 Be6 14. Qc2 Qc7 15.
b3 Nh5 16. Qe2 Nf4 17. Bxf4 exf4 18. Rfe1 Bf6 19. Rc1 Qa5 20. Qc2 Rfe8 21. Ne2
Be5 22. f3 Qb6+ 23. Kh1 Qf2 24. Ng1 Qh4 25. c5 Bd4 26. cxd6 c5 27. Bc4 Rad8 28.
Bxe6 Rxe6 29. e5 Kh8 30. Qf5 Kg8 31. Ne2 Bf2 32. Red1 Rd7 33. Qxf4 Qxf4 34. Nxf4
Rxe5 35. Nd3 Re2 36. Nxc5 Bxc5 37. Rxc5 Re6 38. Rc8+ Kh7 39. Rc7 Rdxd6 40. Rxd6
Rxd6 41. Rxf7 Ra6 42. a4 Rb6 43. Rxa7 Rxb3 44. a5 Ra3 45. Kg1 h5 46. Kf2 h4 47.
f4 Kg6 48. Ra6+ Kf5 49. Ra8 Kxf4 50. a6 Ra2+ 51. Ke1 Kg3 52. Rg8 Kxg2 0-1

[Event "Titled Tue 20th May Early"]
[Site "chess.com INT"]
[Date "2025.05.20"]
[Round "4"]
[White "Ugorek, Kacper"]
[Black "Wagh, Suyog"]
[Result "0-1"]
[WhiteTitle "CM"]
[BlackTitle "FM"]
[WhiteElo "2262"]
[BlackElo "2319"]
[WhiteFideId "21890676"]
[BlackFideId "25071688"]
[EventDate "2025.05.20"]

1. b3 d5 2. Bb2 Bf5 3. f4 e6 4. Nf3 Nf6 5. g3 c6 6. Bg2 Nbd7 7. O-O Bd6 8. e3
Qc7 9. d3 O-O 10. Nbd2 a5 11. a4 Bc5 12. Qe2 Qb6 13. Rae1 h6 14. h3 Bh7 15. Kh2
Qa7 16. Ne5 Nxe5 17. Bxe5 Nd7 18. Bb2 Bb4 19. Rd1 Rfe8 20. e4 Rad8 21. Nf3 Bf8
22. Ne5 Nc5 23. Nf3 dxe4 24. dxe4 Nxe4 25. Ne5 Nf6 26. Nc4 Nd5 27. Bd4 Bc5 28.
Bxc5 Qxc5 29. Qf2 Qb4 30. Qd2 Ra8 31. Rf2 Nc3 32. Re1 Red8 33. Qc1 Rd4 34. Ne5
Rad8 35. f5 Bxf5 36. g4 Be4 37. Qf4 f6 38. Bxe4 Rxe4 39. Rxe4 Nxe4 40. Re2 fxe5
41. Qxe4 Qxe4 42. Rxe4 Rd2+ 43. Kg3 Rxc2 44. Kh4 Rc3 45. Rxe5 g5+ 46. Kh5 Kh7
47. h4 Rh3 48. Rxg5 hxg5 0-1

[Event "Titled Tue 20th May Early"]
[Site "chess.com INT"]
[Date "2025.05.20"]
[Round "4"]
[White "Zmijanac, Dusko"]
[Black "Napoli, Nicolo"]
[Result "0-1"]
[WhiteTitle "FM"]
[BlackTitle "FM"]
[WhiteElo "1977"]
[BlackElo "2245"]
[WhiteFideId "908762"]
[BlackFideId "813702"]
[EventDate "2025.05.20"]

1. d4 Nf6 2. Bg5 e6 3. e4 h6 4. Bxf6 Qxf6 5. Nc3 d6 6. Qd2 g5 7. O-O-O Bg7 8. f3
Nc6 9. Bb5 Bd7 10. Nge2 a6 11. Ba4 b5 12. Bb3 Na5 13. Qe3 Qe7 14. g4 c5 15. dxc5
dxc5 16. a3 Nxb3+ 17. cxb3 b4 18. axb4 cxb4 19. Na4 O-O 20. Rxd7 Qxd7 21. Nb6
Qc6+ 22. Kb1 Rab8 23. Nc4 Qb5 24. Ng3 a5 25. Nh5 a4 26. Nxg7 axb3 27. Qxb3 Kxg7
28. h4 Rbc8 29. Nd6 Qe5 30. Nxc8 Rxc8 31. hxg5 hxg5 32. Qxb4 Rb8 33. Qa3 Qd4 34.
Rc1 Rb7 35. Qc3 Qf6 36. Qxf6+ Kxf6 37. Rc5 Rb3 38. Rc3 Rb8 39. Kc2 Ke5 40. Kd3
Rd8+ 41. Ke3 Rb8 42. b3 Rb4 43. Rd3 Rb8 44. Kd2 Rc8 45. b4 Rb8 46. Rb3 Kd4 47.
Rb1 Rb5 48. Ke2 Kc3 49. Ke3 Kc2 50. Rh1 Rxb4 51. Rh7 Rb7 52. Kd4 Kd2 53. Ke5 f6+
54. Kxf6 Rxh7 55. Kxg5 Ke3 56. Kg6 Rh3 57. Kf6 Kxf3 58. g5 Rg3 59. e5 Kf4 60. g6
Rxg6+ 61. Kxg6 Kxe5 62. Kg5 Kd4 63. Kf4 e5+ 64. Kf3 Kd3 65. Kf2 e4 66. Ke1 Ke3
67. Kf1 Kd2 68. Kf2 e3+ 69. Kg3 e2 70. Kf4 e1=Q 0-1

[Event "Titled Tue 20th May Early"]
[Site "chess.com INT"]
[Date "2025.05.20"]
[Round "4"]
[White "Javakhadze, Zurab"]
[Black "Plat, Vojtech"]
[Result "0-1"]
[WhiteTitle "IM"]
[BlackTitle "GM"]
[WhiteElo "2412"]
[BlackElo "2482"]
[WhiteFideId "13603647"]
[BlackFideId "325740"]
[EventDate "2025.05.20"]

1. Nf3 d6 2. d4 Nf6 3. c4 Nbd7 4. Nc3 e5 5. Bg5 Be7 6. e3 c6 7. Be2 e4 8. Nd2 d5
9. O-O O-O 10. Qb3 b6 11. cxd5 Nxd5 12. Bxe7 Nxe7 13. Ndxe4 Nf5 14. Rfd1 Nf6 15.
Qc2 Nh4 16. g3 Ng6 17. Bf3 Bf5 18. Nxf6+ Qxf6 19. e4 Bh3 20. Bh1 Rad8 21. e5 Qe6
22. Ne4 Bf5 23. Qb3 Qe7 24. Nd6 Be6 25. Qc3 c5 26. dxc5 bxc5 27. Qxc5 Bg4 28.
Re1 Rc8 29. Qd4 Bh3 30. Nxc8 Rxc8 31. Rad1 h5 32. Qd6 Qg5 33. e6 fxe6 34. Rxe6
Nf4 35. Re4 Ng6 36. Ree1 Kh7 37. Qd5 Bf5 38. Be4 Rf8 39. Bxf5 Rxf5 40. Qe4 Nf4
41. Rf1 h4 42. Kh1 Ng6 43. Rd3 Re5 44. Qd4 Qf5 45. Re3 h3 46. Kg1 Rxe3 47. Qxe3
Qd5 48. f3 Ne5 49. Qf2 Qd3 50. Re1 Nxf3+ 51. Kh1 Nxe1 52. Qxe1 Qf3+ 53. Kg1 Qg2# 0-1

[Event "Titled Tue 20th May Early"]
[Site "chess.com INT"]
[Date "2025.05.20"]
[Round "4"]
[White "Suvradeepta, Das"]
[Black "Novosel, Lovro"]
[Result "0-1"]
[WhiteTitle "FM"]
[BlackTitle "FM"]
[WhiteElo "2254"]
[BlackElo "2346"]
[WhiteFideId "5058031"]
[BlackFideId "14547120"]
[EventDate "2025.05.20"]

1. d4 g6 2. e4 Bg7 3. Nc3 c6 4. Bc4 d5 5. exd5 b5 6. Be2 b4 7. Ne4 cxd5 8. Ng3
Nc6 9. Nf3 Nf6 10. O-O O-O 11. a3 Qb6 12. axb4 Nxb4 13. c3 Nc6 14. b4 Bg4 15. h3
Bxf3 16. Bxf3 a5 17. bxa5 Nxa5 18. Ba3 Rfe8 19. Re1 e6 20. Bc5 Qc6 21. h4 h5 22.
Qd3 Nc4 23. Qxc4 Nd7 24. Rxa8 Rxa8 25. Qb4 Rb8 26. Qa3 Ra8 27. Qc1 Nxc5 28. dxc5
Qxc5 29. c4 Rc8 30. Qc2 dxc4 31. Rc1 c3 32. Ne4 Qb4 33. Qd3 Bd4 34. g3 e5 35.
Kg2 Kg7 36. Rc2 Qb3 37. Ng5 f5 0-1

[Event "Titled Tue 20th May Early"]
[Site "chess.com INT"]
[Date "2025.05.20"]
[Round "4"]
[White "Yonal, Timur"]
[Black "Sarveshwaran V"]
[Result "1-0"]
[WhiteTitle "FM"]
[BlackTitle "CM"]
[WhiteElo "2249"]
[BlackElo "2290"]
[WhiteFideId "44115725"]
[BlackFideId "25699016"]
[EventDate "2025.05.20"]

1. e4 e6 2. d4 d5 3. Nc3 Bb4 4. Qd3 dxe4 5. Qxe4 Nf6 6. Qh4 Nc6 7. Nf3 Qd5 8.
Bd3 Qa5 9. O-O Bxc3 10. bxc3 Qxc3 11. Bg5 Nd5 12. Rab1 h6 13. Bd2 Qa3 14. Rfe1
Qe7 15. Qg3 g5 16. c4 Ndb4 17. Be4 Na6 18. d5 Nd8 19. dxe6 Nxe6 20. Bxb7 Bxb7
21. Rxb7 O-O-O 22. Rxa7 Nb8 23. Bc3 Rhe8 24. Rb1 Nc6 25. Ra8+ Kd7 26. Ra6 Nc5
27. Rxc6 Kxc6 28. Ne5+ Kd6 29. Ng6+ Kc6 30. Nxe7+ Rxe7 31. Qf3+ Ne4 32. h3 f5
33. Bf6 Rd3 34. Qxd3 Nxf6 35. c5 Nd5 36. Qb5# 1-0

[Event "Titled Tue 20th May Early"]
[Site "chess.com INT"]
[Date "2025.05.20"]
[Round "4"]
[White "Mansurova, Mumtozbegim"]
[Black "Urbina Perez, Juan Antonio"]
[Result "0-1"]
[WhiteTitle "WCM"]
[BlackTitle "FM"]
[WhiteElo "1768"]
[BlackElo "2221"]
[WhiteFideId "14215780"]
[BlackFideId "2217368"]
[EventDate "2025.05.20"]

1. e4 d5 2. exd5 Qxd5 3. Nc3 Qd8 4. d4 Nf6 5. Nf3 Bg4 6. Be2 e6 7. h3 Bxf3 8.
Bxf3 c6 9. O-O Bd6 10. Ne4 Nxe4 11. Bxe4 Nd7 12. c4 Nf6 13. Bf3 O-O 14. Qc2 h6
15. Rd1 Qa5 16. Bd2 Bb4 17. Bf4 Be7 18. a3 Rac8 19. b4 Qa6 20. Be5 b5 21. cxb5
cxb5 22. Qd3 Rfd8 23. Rdc1 Qb6 24. Be2 a6 25. Bf3 Nd5 26. Bxd5 exd5 27. Qg3 Qg6
28. Qxg6 fxg6 29. Bc7 Rd7 30. Bb6 Rc4 31. Bc5 Bf6 32. Rd1 Kf7 33. Rab1 Rb7 34.
Rb3 Rb8 35. Re3 Re8 36. Rxe8 Kxe8 37. Rd3 Kf7 38. Kf1 Rc2 39. g3 g5 40. Kg2 h5
41. g4 Re2 42. Kf3 Re1 43. gxh5 Rh1 44. Kg2 Ra1 45. Kg3 Kg8 46. f4 gxf4+ 47.
Kxf4 Rf1+ 48. Kg4 Kh7 49. Bb6 Kh6 50. Bc5 Rg1+ 51. Rg3 Re1 52. Rd3 Re4+ 53. Kf5
Kxh5 54. Bb6 Bh4 0-1

[Event "Titled Tue 20th May Early"]
[Site "chess.com INT"]
[Date "2025.05.20"]
[Round "4"]
[White "Mammadov, Ziya"]
[Black "Hon, Eric"]
[Result "1-0"]
[WhiteTitle "CM"]
[WhiteElo "1681"]
[BlackElo "1962"]
[WhiteFideId "13418890"]
[BlackFideId "2097117"]
[EventDate "2025.05.20"]

1. e4 c5 2. Nf3 d6 3. d4 cxd4 4. Nxd4 Nf6 5. Nc3 Nc6 6. f3 e5 7. Nxc6 bxc6 8.
Be3 Be7 9. Qd2 O-O 10. a3 d5 11. Bg5 Rb8 12. exd5 Nxd5 13. Bxe7 Qxe7 14. Nxd5
cxd5 15. b3 e4 16. fxe4 Qxe4+ 17. Qe2 Re8 18. Qxe4 Rxe4+ 19. Kd2 Bf5 20. Bd3 Rf4
21. g3 Rf3 22. Be2 Rf2 23. Ke3 Rg2 24. Bd3 Bxd3 25. Kxd3 Rc8 26. Rac1 f6 27. c4
dxc4+ 28. Rxc4 Rd8+ 29. Kc3 Rgd2 30. Kb4 Kf7 31. h4 R2d3 32. Ka4 R8d7 33. g4 h6
34. h5 R3d4 35. Rc1 Ke6 36. Ka5 R7d5+ 37. Ka6 Rd7 38. Re1+ Kd5 39. Rxd4+ Kc6 40.
Rxd7 Kxd7 41. Kxa7 f5 42. Kb6 fxg4 43. Rg1 1-0

[Event "Titled Tue 20th May Early"]
[Site "chess.com INT"]
[Date "2025.05.20"]
[Round "4"]
[White "Skliarov, Viktor"]
[Black "Pavlidou, Ekaterini"]
[Result "0-1"]
[WhiteTitle "IM"]
[BlackTitle "WIM"]
[WhiteElo "2334"]
[BlackElo "2198"]
[WhiteFideId "14106736"]
[BlackFideId "4213262"]
[EventDate "2025.05.20"]

1. e4 c5 2. Nf3 Nc6 3. Bb5 Nf6 4. Bxc6 dxc6 5. d3 Qc7 6. h3 e5 7. Nbd2 h6 8. Nc4
Nd7 9. a3 b5 10. Ne3 g6 11. a4 b4 12. Nc4 Bg7 13. b3 Nb6 14. Ne3 a5 15. Bb2 O-O
16. Qd2 Be6 17. Ng4 h5 18. Ngxe5 Nd7 19. Nc4 f6 20. O-O Kh7 21. Ne3 Bh6 22. d4
cxd4 23. Nxd4 Bg8 24. Qe2 Rae8 25. Nc4 Nc5 26. f3 f5 27. e5 Bxc4 28. Qxc4 Qxe5
29. Rad1 Be3+ 30. Kh1 Qg3 31. Ne2 Qc7 32. Bd4 Bxd4 33. Rxd4 Ne6 34. Rd3 Ng7 35.
Nf4 Re7 36. Rfd1 Rfe8 37. h4 Re1+ 38. Kh2 Rxd1 39. Rxd1 Ne6 40. Kg3 g5 41. hxg5
Nxf4 42. Kf2 Re2+ 43. Kf1 Rxg2 0-1

[Event "Titled Tue 20th May Early"]
[Site "chess.com INT"]
[Date "2025.05.20"]
[Round "4"]
[White "Muzzi, Eduardo"]
[Black "Terron Elena, Francisco M."]
[Result "0-1"]
[WhiteTitle "CM"]
[BlackTitle "FM"]
[WhiteElo "1949"]
[BlackElo "2148"]
[WhiteFideId "3001253"]
[BlackFideId "2210576"]
[EventDate "2025.05.20"]

1. e4 e5 2. Nf3 Nc6 3. Bc4 Nf6 4. d3 h6 5. c3 d6 6. Nbd2 g6 7. O-O Bg7 8. Re1
O-O 9. Bb3 Nd7 10. Nf1 Nc5 11. Bc2 Ne6 12. Ne3 f5 13. Nd5 f4 14. d4 exd4 15.
cxd4 Ncxd4 16. Nxd4 Nxd4 17. Bxf4 c6 18. Bxh6 Bxh6 19. Qxd4 cxd5 20. Qxd5+ Kh8
21. Rad1 Qf6 22. f3 Be6 23. Qxb7 Rac8 24. Bb3 Qxb2 25. Rxd6 Bxb3 26. Rxg6 Be3+
27. Kh1 Rc1 28. Qb4 Rxe1+ 29. Qxe1 Qf2 30. Qxf2 Bxf2 31. axb3 Rb8 32. g3 Rxb3
33. Kg2 Bc5 34. e5 Rb2+ 35. Kh3 Kh7 36. Rf6 Bg1 37. Kg4 Rxh2 38. e6 Re2 39. f4
Kg7 40. Rf7+ Kg8 41. f5 a5 42. Kg5 Re3 43. g4 Re4 44. Ra7 Kf8 45. Kf6 Bxa7 0-1

[Event "Titled Tue 20th May Early"]
[Site "chess.com INT"]
[Date "2025.05.20"]
[Round "4"]
[White "Karimova, Guldona"]
[Black "Popovic, Dobrivoj"]
[Result "1-0"]
[WhiteTitle "WIM"]
[BlackTitle "CM"]
[WhiteElo "2265"]
[BlackElo "1945"]
[WhiteFideId "14210410"]
[BlackFideId "907103"]
[EventDate "2025.05.20"]

1. c4 Nf6 2. Nc3 e6 3. d4 Bb4 4. f3 Bxc3+ 5. bxc3 d5 6. e3 c5 7. Bd3 Nc6 8. Ne2
O-O 9. Ba3 Nd7 10. O-O Qa5 11. Bb2 Qc7 12. cxd5 exd5 13. Nf4 Nf6 14. Ba3 Re8 15.
Qd2 cxd4 16. cxd4 Be6 17. Rfc1 Qd7 18. Rab1 Rac8 19. Kf2 a6 20. Bc5 b5 21. a4
bxa4 22. Bxa6 Rb8 23. Bb5 Rxb5 24. Rxb5 Nxd4 25. Bxd4 Qxb5 26. Bxf6 gxf6 27. Nh5
Rb8 28. Nxf6+ Kg7 29. Nh5+ Kf8 30. Rc2 Qb4 31. Qc1 Bf5 32. e4 dxe4 33. Qh6+ Ke8
34. Ng7+ Kd7 35. Qc6+ Kd8 36. Qc7# 1-0

[Event "Titled Tue 20th May Early"]
[Site "chess.com INT"]
[Date "2025.05.20"]
[Round "4"]
[White "Troltenier, Dirk"]
[Black "Khandhadia, Nivaan Rathin"]
[Result "1-0"]
[WhiteTitle "FM"]
[WhiteElo "2174"]
[BlackElo "2112"]
[WhiteFideId "4606400"]
[BlackFideId "25753274"]
[EventDate "2025.05.20"]

1. e4 c5 2. Nf3 d6 3. Bb5+ Bd7 4. Bxd7+ Qxd7 5. c4 Nc6 6. O-O g6 7. d4 cxd4 8.
Nxd4 Bg7 9. Be3 Nf6 10. f3 O-O 11. Nc3 Rac8 12. Nde2 b6 13. Qd2 Ne5 14. b3 Rfd8
15. Rfd1 Qb7 16. Rac1 Ned7 17. Bd4 Nc5 18. Nf4 Ncd7 19. Nfd5 Nxd5 20. Nxd5 Nf6
21. Bxf6 Bxf6 22. Nxf6+ exf6 23. Qf4 Qe7 24. Rd5 Rc5 25. Rcd1 Rxd5 26. Rxd5 Kg7
27. h4 h6 28. a4 g5 29. Qg3 Kh7 30. h5 Qe6 31. Qf2 Rc8 32. Qd4 Rc6 33. g4 Qe7
34. Kg2 Kg7 35. Rf5 Rc5 36. b4 Rxf5 37. gxf5 Qe5 38. Qxe5 fxe5 39. Kf2 Kf6 40.
Ke3 a6 41. Kd3 g4 42. fxg4 Kg5 43. a5 bxa5 44. b5 axb5 45. cxb5 Kxg4 46. b6 1-0

[Event "Titled Tue 20th May Early"]
[Site "chess.com INT"]
[Date "2025.05.20"]
[Round "4"]
[White "Petriashvili, Nikoloz"]
[Black "Altynbek, Aiaru"]
[Result "1-0"]
[WhiteTitle "IM"]
[BlackTitle "WFM"]
[WhiteElo "2468"]
[BlackElo "1977"]
[WhiteFideId "13611216"]
[BlackFideId "13752472"]
[EventDate "2025.05.20"]

1. Na3 d5 2. c3 Nf6 3. d4 Bf5 4. Nf3 e6 5. Qb3 b6 6. Bf4 Bd6 7. Bg3 O-O 8. e3 c5
9. Be2 Nc6 10. O-O Ne4 11. Qd1 Bxg3 12. hxg3 Qe7 13. Nb1 c4 14. Nbd2 b5 15. Nxe4
Bxe4 16. Nd2 Bg6 17. Bf3 Rfd8 18. e4 dxe4 19. Nxe4 Bxe4 20. Bxe4 Rac8 21. Qf3
Qd6 22. a3 Ne7 23. g4 Nd5 24. g3 a5 25. Kg2 Nf6 26. Bc2 Qd5 27. Rh1 g6 28. Qxd5
Nxd5 29. Be4 Kg7 30. g5 b4 31. axb4 axb4 32. Bxd5 Rxd5 33. f4 Rb8 34. Ra4 Rdb5
35. Kf3 Rc8 36. Re1 bxc3 37. bxc3 Rb3 38. Re3 Rb1 39. Ra7 Rf1+ 40. Kg4 Kg8 41.
Rb7 Rc1 42. Rd7 Rc2 43. d5 exd5 44. Rxd5 Rc1 45. Rd7 Rc2 46. Kf3 Rc1 47. Ke2
Rc2+ 48. Kf3 Rc1 49. Rb7 Rc2 50. Kg4 Rc1 51. Rbe7 Rc2 52. Kf3 Rc1 53. Re8+ Rxe8
54. Rxe8+ Kg7 55. Re3 Rc2 56. Ke4 Rd2 57. g4 Kf8 58. f5 Ke7 59. Kf4+ Kd6 60. f6
Rd1 61. Re7 Rd3 62. Rxf7 Rxc3 63. Rxh7 Rc1 64. Rh8 c3 65. Ke3 Rd1 66. f7 Ke7 67.
f8=Q+ 1-0

[Event "Titled Tue 20th May Early"]
[Site "chess.com INT"]
[Date "2025.05.20"]
[Round "4"]
[White "Amangeldy, Ernur"]
[Black "Krutko, Anatoly"]
[Result "0-1"]
[WhiteTitle "FM"]
[BlackTitle "FM"]
[WhiteElo "2231"]
[BlackElo "2397"]
[WhiteFideId "13720244"]
[BlackFideId "4185862"]
[EventDate "2025.05.20"]

1. d4 Nf6 2. Nc3 d5 3. Bf4 c5 4. e4 cxd4 5. Qxd4 Nc6 6. Bb5 e6 7. O-O-O a6 8.
Bxc6+ bxc6 9. Nf3 Be7 10. h4 O-O 11. h5 c5 12. Qd2 d4 13. Nb1 Nxe4 14. Qe2 Qd5
15. h6 g6 16. Ne5 Bb7 17. a3 Rac8 18. c4 Qd8 19. f3 Nd6 20. Nd3 Nxc4 21. g4 Qd5
22. Rhf1 Na5 23. Ne5 c4 24. Nc3 dxc3 25. Rxd5 Bxd5 26. Nd7 cxb2+ 27. Kxb2 c3+
28. Ka1 Bxa3 29. Qe5 Bb2+ 30. Kb1 c2+ 31. Kxb2 Nc4+ 32. Kc1 Nxe5 33. Bxe5 f6 34.
Nxf6+ Kf7 35. Nxh7 Rfd8 36. Ng5+ Ke7 37. h7 Bb3 38. Kb2 Rd1 39. Bf4 Rxf1 40. Ne4
Rh8 41. Kxb3 c1=Q 42. Bxc1 Rxc1 0-1

[Event "Titled Tue 20th May Early"]
[Site "chess.com INT"]
[Date "2025.05.20"]
[Round "4"]
[White "Perez Rojas, Jorge"]
[Black "Mattenberger, Matthias"]
[Result "1-0"]
[WhiteTitle "FM"]
[BlackTitle "FM"]
[WhiteElo "2100"]
[BlackElo "2286"]
[WhiteFideId "3452093"]
[BlackFideId "1339958"]
[EventDate "2025.05.20"]

1. e4 c5 2. Nf3 d6 3. d4 cxd4 4. Qxd4 Nc6 5. Bb5 Bd7 6. Qd3 Nf6 7. c4 e6 8. Nc3
Be7 9. h3 O-O 10. O-O a6 11. Ba4 Qa5 12. Bd2 Nb4 13. Qe2 Bxa4 14. a3 Nc2 15.
Rac1 Bb3 16. Nd5 Qd8 17. Nxe7+ Qxe7 18. Qd3 Ba4 19. b3 Bc6 20. Qxc2 Bxe4 21. Qc3
Rac8 22. Rfe1 d5 23. c5 Bxf3 24. gxf3 Nd7 25. b4 b6 26. c6 Nb8 27. c7 Nd7 28.
Bf4 Rfe8 29. Bg3 e5 30. Qc6 d4 31. Qb7 a5 32. bxa5 bxa5 33. a4 f6 34. Qd5+ Qe6
35. Qxa5 Kh8 36. Qd2 Qd6 37. Qa5 Nb6 38. Rc5 Rxc7 39. Rec1 Rxc5 40. Rxc5 Nd5 41.
Rxd5 Qa3 42. Rd8 Rg8 43. Qd5 Qc1+ 44. Kg2 1-0

[Event "Titled Tue 20th May Early"]
[Site "chess.com INT"]
[Date "2025.05.20"]
[Round "4"]
[White "Bachmann, Axel"]
[Black "So, Wesley"]
[Result "0-1"]
[WhiteTitle "GM"]
[BlackTitle "GM"]
[WhiteElo "2570"]
[BlackElo "2751"]
[WhiteFideId "3700488"]
[BlackFideId "5202213"]
[EventDate "2025.05.20"]

1. d4 Nf6 2. Nf3 c5 3. e3 d5 4. dxc5 e6 5. c4 Bxc5 6. a3 O-O 7. b4 Be7 8. Bb2 a5
9. b5 dxc4 10. Nbd2 c3 11. Bxc3 Nbd7 12. Nc4 Ne4 13. Bb2 Bf6 14. Qc2 Bxb2 15.
Qxb2 Ndc5 16. Rd1 Bd7 17. Nfe5 Qe7 18. Be2 Rfd8 19. Nb6 Be8 20. O-O Rxd1 21.
Rxd1 Rd8 22. Rxd8 Qxd8 23. Nec4 Qh4 24. g3 Qd8 25. a4 f6 26. Bf3 Bg6 27. Qd4
Qxd4 28. exd4 Nb3 29. Bxe4 Bxe4 30. Nd6 Bf3 31. Kf1 Nxd4 32. Nbc4 Nb3 33. Ke1
Kf8 34. Nd2 Nxd2 35. Kxd2 Bd5 36. Nc8 Ke8 37. Nb6 Kd8 38. Kc3 Kc7 39. Na8+ Kb8
40. Nb6 Kc7 41. Na8+ Kd6 42. Nb6 g5 43. Kd4 e5+ 44. Kc3 Be6 45. g4 Kc5 46. Na8
Bxg4 0-1

[Event "Titled Tue 20th May Early"]
[Site "chess.com INT"]
[Date "2025.05.20"]
[Round "4"]
[White "King, Alexander"]
[Black "Rozum, Ivan"]
[Result "0-1"]
[WhiteTitle "FM"]
[BlackTitle "GM"]
[WhiteElo "2263"]
[BlackElo "2439"]
[WhiteFideId "2063620"]
[BlackFideId "24104272"]
[EventDate "2025.05.20"]

1. g3 d5 2. Nf3 c6 3. c4 Bg4 4. Ne5 Bf5 5. Qb3 Qb6 6. d3 e6 7. Be3 Qxb3 8. axb3
a6 9. g4 Bg6 10. h4 f6 11. Nxg6 hxg6 12. Bg2 Nd7 13. d4 Bb4+ 14. Nc3 Ne7 15. Kd1
Kf7 16. Kc2 Bd6 17. Bd2 Bc7 18. e4 dxc4 19. bxc4 c5 20. dxc5 Nxc5 21. b4 Nd7 22.
f4 Nc6 23. Ne2 a5 24. b5 Nb4+ 25. Kb2 Nc5 26. Be3 Bb6 27. Bxc5 Bxc5 28. Rad1
Rhd8 29. e5 Rab8 30. exf6 gxf6 31. Be4 f5 32. gxf5 gxf5 33. Bb1 b6 34. h5 Kf6
35. h6 Rxd1 36. Rxd1 Rh8 37. Rh1 Kg6 38. Nc3 Rxh6 39. Re1 Kf6 40. Na4 Bd4+ 41.
Kc1 Rh2 42. Rf1 Be3+ 43. Kd1 Rd2+ 44. Ke1 Rg2 45. Rf3 Bd4 46. Rf1 Ke7 47. Kd1
Na2 48. Bxa2 Rxa2 0-1

[Event "Titled Tue 20th May Early"]
[Site "chess.com INT"]
[Date "2025.05.20"]
[Round "4"]
[White "Csonka, Balazs"]
[Black "Kim, Sergey"]
[Result "1/2-1/2"]
[WhiteTitle "IM"]
[BlackTitle "FM"]
[WhiteElo "2469"]
[BlackElo "2295"]
[WhiteFideId "742910"]
[BlackFideId "13700570"]
[EventDate "2025.05.20"]

1. e4 e5 2. Nf3 Nc6 3. Bb5 a6 4. Ba4 Nf6 5. O-O b5 6. Bb3 Bc5 7. a4 Bb7 8. d3 d6
9. Nc3 b4 10. Ne2 h6 11. Ng3 O-O 12. a5 Bc8 13. c3 bxc3 14. bxc3 Rb8 15. Bc4 Ba7
16. Qa4 Bd7 17. Qa2 Qc8 18. Bd2 Ne7 19. Rfb1 Bb5 20. h3 c6 21. d4 Qc7 22. Be3
exd4 23. cxd4 d5 24. Bxb5 Rxb5 25. e5 Nh7 26. Qd2 Kh8 27. Rc1 Rfb8 28. Rc2 Qd7
29. Rac1 Qe6 30. Ne1 Nf8 31. Nd3 Nfg6 32. Kh2 Kh7 33. f4 Qd7 34. Nc5 Bxc5 35.
Rxc5 Rxc5 36. Rxc5 Rb5 37. Qc2 Rxc5 38. Qxc5 Nf5 39. Nxf5 Qxf5 40. Qxc6 Nxf4 41.
Qxa6 Qe4 42. Bxf4 Qxf4+ 43. Kh1 Qc1+ 44. Kh2 Qf4+ 45. Kh1 Qc1+ 46. Kh2 Qf4+ 1/2-1/2

[Event "Titled Tue 20th May Early"]
[Site "chess.com INT"]
[Date "2025.05.20"]
[Round "4"]
[White "Seyidli, Mirsaleh"]
[Black "Shishkov, Andrei"]
[Result "1-0"]
[WhiteTitle "CM"]
[BlackTitle "IM"]
[WhiteElo "1995"]
[BlackElo "2343"]
[WhiteFideId "13445219"]
[BlackFideId "4500563"]
[EventDate "2025.05.20"]

1. d4 Nf6 2. Nf3 d5 3. e3 Bf5 4. b3 e6 5. Bb2 Bd6 6. Bd3 O-O 7. Bxf5 exf5 8. Qd3
Ne4 9. O-O c6 10. c4 Nd7 11. Nc3 Ndf6 12. cxd5 cxd5 13. Ne5 Nxc3 14. Bxc3 Ne4
15. Bb2 f6 16. Nf3 f4 17. Qb5 Bb8 18. Qxb7 fxe3 19. fxe3 Rf7 20. Qc6 Bc7 21.
Rac1 Rb8 22. Qe6 Rb6 23. Rc6 Qd7 24. Qxd7 Rxd7 25. Rfc1 Rxc6 26. Rxc6 Kf8 27.
Kf1 Ke8 28. Ke2 Kd8 29. Kd3 Nf2+ 30. Ke2 Ne4 31. Kd3 Bb6 32. Ba3 Nf2+ 33. Ke2
Ne4 34. Nd2 Ng5 35. h4 Nf7 36. Kd3 Nh6 37. Bc5 Bxc5 38. dxc5 Nf5 39. Ra6 Nxh4
40. b4 Nxg2 41. Nf3 g5 42. Nd4 1-0